Dans quel sons Koba LaD a dit... ? - Statistiques

Statistiques générales
  • Ce quiz a été pris 530 fois
  • Le résultat moyen est 5 sur 20
Statistiques - réponses
Phrase Musique % Correct
Je n'pourrai jamais être ton mari, y'a que de ma liasse j'suis amoureux. La C
84%
La prison ça rend pas plus fort, ça fait perdre des thunes et beaucoup de temps. Ténébreux 1
59%
J'confonds les gyrophares d'l'ambulance et d'la NAS, j'ai la main plié depuis t'à l'heure, j'demande une massa Encore
50%
C'est trop chaud, c'est stressant mais j'suis là, même si ça saoule. Coffre plein
37%
Et ça d'vient chaud, j'revends mes montres et je rachète une armurerie. 7 sur 7
36%
J'viens d'un monde ténébreux où beaucoup d'entre eux deviennent fous. Mortel
31%
Si tu te soucies du regard des gens, tu vas jamais y arriver. Train de vie
27%
Attends pause (vite fait), passe à l'épice y a plus d'potion (plus de Jack). Oye
26%
Si on se voit toujours c'est qut'es un bon, au fond j'ai pas besoin d'toi. Laisse tomber.
19%
Rolex, Audemars Piguet, même si j'ai du mal à lire l'heure. La Détaille
15%
Y a pas longtemps, j'ai barbé deux kil' de b*uh, ça peut venir tirer en bas. Marie
15%
Des fois j'devais y passer la nuit, maman m'ouvrait plus la porte après minuit. ORgueilleux
15%
La vérité, tout ce que j'te dit, j'l'ai fait, mais j'vais pas dire tout ce que j'fais. Mélange
14%
Fils de p*te on a plus 12 ans, on te séquestre ta mère, faut que tu payes ta mère. Four
13%
Et dans l'Audi, moi, j'suis en jogging dans une voiture à plus d'100 000. Dans l'avion
10%
Et le business m'a rapporté que des ennuis, mon disque de platine, des haineux. La Patate
10%
J'ai fini dans la blanche, dans la verte, dans le jaune pour essayer de repeindre ma vie en rose. Pas de reine
9%
Frère tu seras déçu, viens pas ici, y a pas d'issue. Rentable
8%
J'ai ramassé des miettes puis, j'ai r'vendu les pains. L'Affranchi
3%
C'est moi l'nouveau Sasuke, j'ai du soké dans mon çon-cale, et je sais qu'le 6 coups laisse des séquelles partout sur l'corps. OKLM Freestyle
2%
Aucun quiz correspondant
Distribution des résultats
% des personnes avec chaque résultat
Percentile par nombre de réponses
Votre historique - résultats
Vous n’avez pas pris ce quiz